<?xml version="1.0" encoding="UTF-8"?>
<collection xmlns="http://www.loc.gov/MARC21/slim">
 <record>
  <leader>00911pamaa2200169   4500</leader>
  <controlfield tag="001">0000039932</controlfield>
  <controlfield tag="005">20110104090000.0</controlfield>
  <controlfield tag="008">101125                             eng  </controlfield>
  <datafield tag="090" ind1="0" ind2="0">
   <subfield code="a">QA76 </subfield>
   <subfield code="b">RAB 2010</subfield>
  </datafield>
  <datafield tag="100" ind1="1" ind2="1">
   <subfield code="a">Rabi Abdulazeez Dankano </subfield>
  </datafield>
  <datafield tag="245" ind1="1" ind2="0">
   <subfield code="a">Development of an event management system for AJKS concepts and events company (ACE)  </subfield>
   <subfield code="c">Rabi Abdulazeez Dankano.</subfield>
  </datafield>
  <datafield tag="260" ind1="0" ind2="0">
   <subfield code="a">Nilai: </subfield>
   <subfield code="b">INTI International University, </subfield>
   <subfield code="c">March 2010.</subfield>
  </datafield>
  <datafield tag="300" ind1=" " ind2=" ">
   <subfield code="a">v, 134p: </subfield>
   <subfield code="b">ill.; </subfield>
   <subfield code="c">30 cm.</subfield>
  </datafield>
  <datafield tag="500" ind1="0" ind2="0">
   <subfield code="a">Honors Degree In Business Information Technology (BITCU) - Information Technology Project Report</subfield>
  </datafield>
  <datafield tag="502" ind1="0" ind2="0">
   <subfield code="a">A dissertation submitted in partial fulfillment of the requirement of Honors Degree in Business Information Technology at Coventry University under the management and surpervision of Faculty Computing and IT, INTI International University</subfield>
  </datafield>
  <datafield tag="650" ind1="0" ind2="0">
   <subfield code="a">Dissertations, academic -- </subfield>
   <subfield code="x">Computer systems </subfield>
  </datafield>
  <datafield tag="901" ind1=" " ind2=" ">
   <subfield code="u">www.newinti.edu.my</subfield>
  </datafield>
 </record>
</collection>
